LEADER 01098nam--2200361---450- 001 990002748460203316 005 20060607103845.0 010 $a88-14-09786-0 035 $a000274846 035 $aUSA01000274846 035 $a(ALEPH)000274846USA01 035 $a000274846 100 $a20060607d2002----km-y0itay0103----ba 101 $aita 102 $aIT 105 $a||||||||001yy 200 1 $aRegioni e attivita produttive$e1. rapporto sulla legislazione e sulla spesa 210 $aMilano$cGiuffré$dc2002 215 $aVIII, 646 p.$d24 cm 225 2 $aIstituto di studi sulle regioni, Consiglionazionale delle ricerche 410 0$12001$aIstituto di studi sulle regioni, Consiglionazionale delle ricerche 454 1$12001 461 1$1001-------$12001 606 0 $aEconomia$xlegislazione regionale 676 $a343.450705 801 0$aIT$bsalbc$gISBD 912 $a990002748460203316 951 $aP13 835$bDISTRA 959 $aBK 969 $aDISTRA 979 $aDISTRA1$b90$c20060607$lUSA01$h1038 996 $aRegioni e attività produttive$9679548 997 $aUNISA LEADER 03634nam 22006612 450 001 9910452997903321 005 20151005020621.0 010 $a1-316-08957-6 010 $a1-139-79389-6 010 $a1-139-77648-7 010 $a1-139-05950-5 010 $a1-139-78251-7 010 $a1-107-25433-7 010 $a1-139-77952-4 010 $a1-283-71597-X 010 $a1-139-77800-5 035 $a(CKB)2550000000708271 035 $a(EBL)1042481 035 $a(OCoLC)819508561 035 $a(SSID)ssj0000756060 035 $a(PQKBManifestationID)11393176 035 $a(PQKBTitleCode)TC0000756060 035 $a(PQKBWorkID)10732127 035 $a(PQKB)11323225 035 $a(UkCbUP)CR9781139059503 035 $a(MiAaPQ)EBC1042481 035 $a(PPN)24867112X 035 $a(Au-PeEL)EBL1042481 035 $a(CaPaEBR)ebr10618632 035 $a(CaONFJC)MIL402847 035 $a(EXLCZ)992550000000708271 100 $a20110330d2013|||| uy| 0 101 0 $aeng 135 $aur||||||||||| 181 $ctxt$2rdacontent 182 $cc$2rdamedia 183 $acr$2rdacarrier 200 10$aIntroduction to astronomical spectroscopy /$fImmo Appenzeller, Center for Astronomy, University of Heidelberg$b[electronic resource] 210 1$aCambridge :$cCambridge University Press,$d2013. 215 $a1 online resource (xiii, 254 pages) $cdigital, PDF file(s) 225 1 $aCambridge observing handbooks for research astronomers ;$v9 300 $aTitle from publisher's bibliographic system (viewed on 05 Oct 2015). 311 $a1-107-01579-0 311 $a1-107-60179-7 320 $aIncludes bibliographical references and index. 327 $aHistorical remarks -- Spectroscopy in present-day astronomy -- Basic physics of spectral measurements -- Optical-range grafting and prism spectrometers -- Other techniques for the optical spectral range -- Preparing and reducing optical observation -- UV, X-ray, and gamma spectroscopy -- Spectroscopy at radio wavelengths -- Special techniques of the FIR and submillimeter range -- New developments and future prospects. 330 $aSpectroscopy is the principal tool used in astronomy to investigate the Universe beyond Earth's atmosphere. Through the analysis of electromagnetic radiation, spectrographs enable observers to assess the chemical composition, kinematics and local physical properties of distant stars, nebulae and galaxies. Thoroughly illustrated and clearly written, this handbook offers a practical and comprehensive guide to the different spectroscopic methods used in all branches of astronomy, at all wavelengths from radio to gamma-ray and from ground and space-borne instruments. After a historical overview of the field, the central chapters navigate the various types of hardware used in spectroscopy. In-depth descriptions of modern techniques and their benefits and drawbacks help you choose the most promising observation strategy. The handbook finishes by assessing new technologies and future prospects for deep-sky observation. This text is an ideal reference for today's graduate students and active researchers, as well as those designing or operating spectroscopic instruments. 410 0$aCambridge observing handbooks for research astronomers ;$v9. 606 $aAstronomical spectroscopy 615 0$aAstronomical spectroscopy. 676 $a522/.67 700 $aAppenzeller$b I$g(Immo),$f1940-$052153 801 0$bUkCbUP 801 1$bUkCbUP 906 $aBOOK 912 $a9910452997903321 996 $aIntroduction to astronomical spectroscopy$92482482 997 $aUNINA LEADER 01132nam a2200277 i 4500 001 991000169479707536 008 031210s2000 it 000 0 ita 020 $a8813226772 035 $ab12579555-39ule_inst 040 $aFac. Economia$bita 082 0 $a343.4505325 100 1 $aStevanato, Dario$0235607 245 10$aDonazioni e liberalità indirette nel tributo successorio /$cDario Stevanato 260 $aPadova :$bCEDAM,$c2000 300 $axiii, 307 p. ;$c24 cm 440 0$aProblemi attuali di diritto tributario ;$v1 500 $aContiene riferimenti bibl. e indice degli autori 650 4$aSuccessioni$xTributi 650 4$aDonazioni$xTributi 907 $a.b12579555$b11-11-14$c10-12-03 912 $a991000169479707536 945 $aLE025 ECO 343 STE01.02$g1$i2025000092334$lle025$op$pE26.34$q-$rl$s- $t0$u1$v0$w1$x0$y.i13120906$z02-03-04 945 $aLE027 343.45 STE01.01$g1$lle027$o-$pE26.34$q-$rl$s- $t0$u0$v0$w0$x0$y.i13845767$z20-09-04 996 $aDonazioni e liberalità indirette nel tributo successorio$9252646 997 $aUNISALENTO 998 $ale025$ale027$b10-12-03$cm$da $e-$fita$git $h0$i1